000 00589nam a2200217Ii 4500
003 JO-AjNU
008 230606s9999||||xx |||||||||||||| ||und||
020 _a978-81-203-4522-5
040 _aJO-AjNU
_beng
_erda
_cJO-AjNU
041 _aeng
050 1 4 _aTA405 2012
100 3 _aGope, p.c/A.K Srivastava,
_eauthor
_93903
245 0 0 _aStrength of materilas
250 _a2 ed
264 3 1 _aDelhi, phl, 2012
300 _a394p
336 _atext
_btxt
_2rdacontent
337 _aunmediated
_bn
_2rdamedia
338 _avolume
_bnc
_2rdacarrier
650 4 _aStrength of materilas
_93904
999 _aE2035
_c2034
_d2034